JENS IVO ENGELS, Königsbilder Sprechen, Singen und Schreiben über den französischen König in der ersten Hälfte des achtzehnten Jahrhunderts. Pariser Historische Studien, herausgegeben vom Deutschen Historischen Institut Paris, Bouvier Verlag. Bonn 2000. Un vol. de 333 p. (notice n° 1653568)
[ vue normale ]
| 000 -LEADER | |
|---|---|
| fixed length control field | 00745cam a2200145 4500500 |
| 005 - DATE AND TIME OF LATEST TRANSACTION | |
| control field | 20260208005741.0 |
| 041 ## - LANGUAGE CODE | |
| Language code of text/sound track or separate title | fre |
| 042 ## - AUTHENTICATION CODE | |
| Authentication code | dc |
| 100 10 - MAIN ENTRY--PERSONAL NAME | |
| Personal name | Hartmann, Pierre |
| Relator term | author |
| 245 00 - TITLE STATEMENT | |
| Title | JENS IVO ENGELS, Königsbilder Sprechen, Singen und Schreiben über den französischen König in der ersten Hälfte des achtzehnten Jahrhunderts. Pariser Historische Studien, herausgegeben vom Deutschen Historischen Institut Paris, Bouvier Verlag. Bonn 2000. Un vol. de 333 p. |
| 260 ## - PUBLICATION, DISTRIBUTION, ETC. | |
| Date of publication, distribution, etc. | 2003.<br/> |
| 500 ## - GENERAL NOTE | |
| General note | 14 |
| 786 0# - DATA SOURCE ENTRY | |
| Note | Revue d'histoire littéraire de la France | 103 | 3 | 2003-08-01 | p. 707q-754q | 0035-2411 |
| 856 41 - ELECTRONIC LOCATION AND ACCESS | |
| Uniform Resource Identifier | <a href="https://shs.cairn.info/revue-d-histoire-litteraire-de-la-france-2003-3-page-707q?lang=fr&redirect-ssocas=7080">https://shs.cairn.info/revue-d-histoire-litteraire-de-la-france-2003-3-page-707q?lang=fr&redirect-ssocas=7080</a> |
Pas d'exemplaire disponible.




Réseaux sociaux